000
00437 a2200121 4500
000
nam a22 7a 4500
005
20260512145451.0
020
_a
9788195300013
100
_a
डा अस्मि पाण्डेय
_9
1239146
245
_a
आचार्य हजारी प्रसाद द्धिवेदी और भक्तिकालीन महाकवि
260
_b
Vikalp prakashan
_c
2023
942
_c
TEXL
999
_c
1851259
_d
1851259